Tables des Diviseurs (1→50) - Statistiques

Statistiques générales
  • Ce quiz a été pris 297 fois
  • Le résultat moyen est 154 sur 207
Statistiques - réponses
Réponse % Correct
1
99%
1
98%
2
97%
1
96%
3
96%
1
94%
4
93%
1
92%
10
92%
12
92%
2
92%
3
92%
5
92%
6
92%
7
92%
8
92%
1
91%
1
91%
1
91%
1
91%
1
91%
1
91%
1
91%
1
91%
1
91%
11
91%
13
91%
14
91%
2
91%
2
91%
2
91%
2
91%
3
91%
3
91%
4
91%
4
91%
5
91%
6
91%
9
91%
1
90%
1
90%
1
90%
1
90%
1
90%
1
90%
1
90%
1
90%
1
90%
1
90%
1
90%
15
90%
16
90%
18
90%
19
90%
2
90%
2
90%
20
90%
22
90%
23
90%
24
90%
25
90%
7
90%
8
90%
1
89%
10
89%
17
89%
2
89%
2
89%
21
89%
3
89%
4
89%
4
89%
5
89%
5
89%
1
88%
11
88%
12
88%
2
88%
2
88%
26
88%
27
88%
3
88%
3
88%
5
88%
6
88%
9
88%
1
87%
1
87%
13
87%
2
87%
3
87%
4
87%
6
87%
7
87%
8
87%
1
86%
1
86%
2
86%
28
86%
29
86%
3
86%
30
85%
31
85%
4
85%
9
85%
1
84%
1
84%
14
84%
2
84%
1
83%
10
83%
15
83%
3
83%
32
83%
33
83%
5
83%
6
83%
7
83%
2
82%
1
81%
16
81%
2
80%
3
80%
34
80%
4
80%
8
80%
35
79%
1
78%
11
78%
5
78%
17
77%
1
76%
2
75%
3
75%
4
75%
7
75%
37
74%
1
73%
36
73%
6
73%
9
71%
1
70%
2
70%
1
69%
12
69%
38
69%
18
68%
1
66%
19
66%
2
66%
39
66%
1
65%
4
65%
40
65%
3
64%
41
64%
20
63%
5
63%
10
62%
2
62%
8
62%
13
61%
3
57%
1
56%
1
55%
6
55%
43
54%
7
54%
42
52%
1
51%
2
51%
44
48%
1
46%
21
46%
22
46%
4
46%
11
45%
1
43%
47
43%
1
42%
14
42%
3
42%
5
41%
1
38%
2
38%
45
38%
1
37%
46
37%
9
37%
2
36%
3
35%
15
34%
23
34%
4
34%
2
32%
49
32%
6
32%
8
32%
48
29%
5
29%
50
28%
10
27%
24
27%
12
26%
7
26%
25
25%
16
24%
Aucun quiz correspondant
Distribution des résultats
% des personnes avec chaque résultat
Percentile par nombre de réponses
Votre historique - résultats
Vous n’avez pas pris ce quiz